000 00859nam a2200205 a 4500
001 000002947
005 20200929150307.0
008 090706s2008 dr a r 000 0 spa d
040 _aDO-SdBNP
_bspa
_cBNPHU
082 _a378.103
_bA168e
245 0 0 _aAcademia y empresa en diez congresos nacionales /
_ceditor Cornelio Francisco ; prólogo Herminio Alberti León.
260 _aSanto Domingo :
_bUniversidad Católica Santo Domingo,
_c2008.
300 _a2 v. :
_bil. ;
_c26 cm.
590 _aInventariado, 2018/BT
650 4 _aEducación superior
_zRepública Dominicana
_xCongresos, conferencias, etc.
_99366
650 4 _aComunidad y universidad
_zRepública Dominicana
_xCongresos, conferencias, etc.
_99367
700 1 _aFrancisco, Cornelio,
_eed.
_99368
700 1 _aAlberti León, Herminio,
_epról.
_99369
910 _aValidado. Control de calidad. MMOLINA
999 _c2779
_d2779